Совершенствование системы психофизической подготовки специалистов транспортной отрасли с использованием инновационных методов преподавания (Запись № 12148191)

Подробности
000 -МАРКЕР
контрольное поле 03693nam0a2200421 4500
001 - ИДЕНТИФИКАТОР ЗАПИСИ
контрольное поле RU\NLR\BIBL_A\012150961
005 - ИДЕНТИФИКАТОР ВЕРСИИ
контрольное поле 20240528181521.0
010 ## - МЕЖДУНАРОДНЫЙ СТАНДАРТНЫЙ НОМЕР КНИГИ (ISBN)
Номер (ISBN) 978-5-7876-0371-2
021 ## - НОМЕР ГОСУДАРСТВЕННОЙ РЕГИСТРАЦИИ
Код страны Российская Федерация
Номер КН-П-19-081101
Номер Листа государственной регистраци КН-П-19-5891
035 ## - ДРУГИЕ СИСТЕМНЫЕ НОМЕРА
Идентификатор записи (NLR Aleph) 012150961
035 ## - ДРУГИЕ СИСТЕМНЫЕ НОМЕРА
Идентификатор записи (RuMoRGB)010136000
100 ## - ДАННЫЕ ОБЩЕЙ ОБРАБОТКИ
Данные общей обработки 20191202d2019 k y0rusy50 ca
101 0# - ЯЗЫК РЕСУРСА
Язык текста, звукозаписи и т.д. русский
102 ## - СТРАНА ПУБЛИКАЦИИ ИЛИ ПРОИЗВОДСТВА
Страна публикации Российская Федерация
105 ## - ПОЛЕ КОДИРОВАННЫХ ДАННЫХ: ТЕКСТОВЫЕ МАТЕРИАЛЫ, МОНОГРАФИЧЕСКИЕ
Кодированные данные о монографическом текстовом документе a|||z|||000zy
200 1# - ЗАГЛАВИЕ И СВЕДЕНИЯ ОБ ОТВЕТСТВЕННОСТИ
Основное заглавие Совершенствование системы психофизической подготовки специалистов транспортной отрасли с использованием инновационных методов преподавания
Сведения, относящиеся к заглавию Всероссийская научно-практическая конференция
-- сборник трудов
Первые сведения об ответственности Министерство транспорта Российской Федерации, Федеральное государственное бюджетное образовательное учреждение высшего образования "Российский университет транспорта (МИИТ)", Институт экономики и финансов, Кафедра "Физическая культура"
Последующие сведения об ответственности под редакцией кандидата педагогических наук, доцента, профессора Российской академии естественных наук Фирсина С. А., кандидата педагогических наук, доцента Маскаевой Т. Ю.
210 ## - ПУБЛИКАЦИЯ, РАСПРОСТРАНЕНИЕ И ДР.
Место издания, распространения и т.д. Москва
Имя издателя, распространителя и т. д. Российский университет транспорта (МИИТ)
Дата издания, распространения и т.д. 2019
215 ## - ФИЗИЧЕСКАЯ ХАРАКТЕРИСТИКА
Специфическое обозначение материала и объем 253 с.
Другие сведения о физической характеристике ил., табл.
Размеры 30
320 ## - ПРИМЕЧАНИЯ О НАЛИЧИИ В ДОКУМЕНТЕ БИБЛИОГРАФИИ / УКАЗАТЕЛЯ
Текст примечания Библиогр. в конце ст.
606 1# - НАИМЕНОВАНИЕ ТЕМЫ КАК ПРЕДМЕТ
Наименование темы Профессионально-прикладная физическая подготовка
Формальный подзаголовок Съезды, совещания и т.п
Тематический подзаголовок Высшие транспортные учебные заведения
Системный номер авторитетной/нормативной записи 2425244
Идентификатор авторитетной/нормативной записи RU\NLR\AUTH\6601662441
606 1# - НАИМЕНОВАНИЕ ТЕМЫ КАК ПРЕДМЕТ
Наименование темы Физическая культура и спорт
Формальный подзаголовок Съезды, совещания и т.п
Тематический подзаголовок Преподавание
-- Высшие транспортные учебные заведения
Системный номер авторитетной/нормативной записи 2260032
Идентификатор авторитетной/нормативной записи RU\NLR\AUTH\6601585019
606 1# - НАИМЕНОВАНИЕ ТЕМЫ КАК ПРЕДМЕТ
Наименование темы Студенты
Формальный подзаголовок Съезды, совещания и т.п
Тематический подзаголовок Психофизиологические исследования
Системный номер авторитетной/нормативной записи 2319066
Идентификатор авторитетной/нормативной записи RU\NLR\AUTH\661387479
686 1# - ИНДЕКСЫ ДРУГИХ КЛАССИФИКАЦИЙ
Индекс Ч511.1,6(2)531.8я431
686 1# - ИНДЕКСЫ ДРУГИХ КЛАССИФИКАЦИЙ
Индекс Ч511.7я431
686 1# - ИНДЕКСЫ ДРУГИХ КЛАССИФИКАЦИЙ
Индекс Ч486.73я431
686 1# - ИНДЕКСЫ ДРУГИХ КЛАССИФИКАЦИЙ
Индекс Ю932.1-214я431
686 1# - ИНДЕКСЫ ДРУГИХ КЛАССИФИКАЦИЙ
Индекс Ю948.1-8я431
702 #1 - ИМЯ ЛИЦА - ВТОРИЧНАЯ ОТВЕТСТВЕННОСТЬ
Начальный элемент ввода Фирсин
Часть имени, кроме начального элемента ввода С. А.
Расширение инициалов личного имени Сергей Анатольевич
Код отношения Редактор
702 #1 - ИМЯ ЛИЦА - ВТОРИЧНАЯ ОТВЕТСТВЕННОСТЬ
Начальный элемент ввода Маскаева
Часть имени, кроме начального элемента ввода Т. Ю.
Расширение инициалов личного имени Татьяна Юрьевна
Код отношения Редактор
711 12 - НАИМЕНОВАНИЕ ОРГАНИЗАЦИИ - АЛЬТЕРНАТИВНАЯ ОТВЕТСТВЕННОСТЬ
Начальный элемент ввода "Совершенствование системы психофизической подготовки специалистов транспортной отрасли с использованием инновационных методов преподавания", всероссийская научно-практическая конференция
Порядковый номер временной организации и / или порядковый номер ее части 1
Место проведения временной организации Москва
Дата проведения временной организации 2018
Системный номер авторитетной/нормативной записи 686847
Идентификатор авторитетной/нормативной записи RU\NLR\AUTH\880513157
712 02 - НАИМЕНОВАНИЕ ОРГАНИЗАЦИИ - ВТОРИЧНАЯ ОТВЕТСТВЕННОСТЬ
Код отношения Прочие
Начальный элемент ввода Российский университет транспорта
Структурное подразделение Институт экономики и финансов
-- Кафедра "Физическая культура"
Системный номер авторитетной/нормативной записи 602739
Идентификатор авторитетной/нормативной записи RU\NLR\AUTH\880470485
942 ## - ДОПОЛНИТЕЛЬНЫЕ ЭЛЕМЕНТЫ ЗАПИСИ (АБИС)
Тип экземпляра АБИС Книга
980 ## - КОЛЛЕКЦИЯ
Название коллекции НБР
980 ## - КОЛЛЕКЦИЯ
Название коллекции Национальная библиография

Нет доступных экземпляров.